Padres apostólicos
Saved in:
| Format: | Bog |
|---|---|
| Sprog: | spansk latin |
| Udgivet: |
Madrid
Biblioteca de Autores Cristianos
1979
|
| Udgivelse: | 4a. ed |
| Serier: | Biblioteca de Autores Cristianos
|
| Fag: | |
| Tags: |
Tilføj Tag
Ingen Tags, Vær først til at tagge denne postø!
|
MARC
| LEADER | 00000nam a2200000 a 4500 | ||
|---|---|---|---|
| 001 | UCL4239 | ||
| 003 | CL-VaPUC | ||
| 008 | 040109e19790000SP |||||||||||||||||spa|d | ||
| 041 | 0 | 7 | |a spa |2 CL-VaPUC |
| 041 | 0 | 7 | |a lat |2 CL-VaPUC |
| 082 | 0 | 4 | |a 270 |b PAD |2 21 |
| 245 | 1 | 0 | |a Padres apostólicos |
| 250 | |a 4a. ed | ||
| 300 | |a 1130 p | ||
| 942 | |c BK | ||
| 945 | |d 20040109 00:00:00 |a vberengu | ||
| 260 | |a Madrid |b Biblioteca de Autores Cristianos |c 1979 | ||
| 650 | 0 | |a Historia de la iglesia |9 257565 | |
| 650 | 0 | |a Padres de la Iglesia |9 313352 | |
| 650 | 0 | |a Patrología |9 349346 | |
| 583 | |a last modification |c 20040109 00:00:00 |k Rodrigo Vera | ||
| 490 | 0 | |a Biblioteca de Autores Cristianos | |
| 999 | |c 307120 |d 307118 | ||
| 952 | |0 0 |1 0 |4 0 |6 270_000000000000000_PAD_1979 |7 0 |8 A |9 372721 |a BIBTEO |b BIBTEO |d 2019-11-21 |i 2100193 |l 2 |o 270 PAD 1979 |p 2100193 |r 2025-01-17 |s 2022-09-12 |w 2019-11-21 |y BK |k ICR | ||
| 952 | |0 0 |1 0 |4 0 |6 270_000000000000000_PAD_1979 |7 0 |8 A |9 372722 |a BIBTEO |b BIBTEO |d 2019-11-21 |i 2100215 |l 2 |m 1 |o 270 PAD 1979 |p 2100215 |r 2025-01-17 |s 2024-08-21 |w 2019-11-21 |y BK |k ICR | ||
| 952 | |0 0 |1 0 |4 0 |6 270_000000000000000_PAD_1979 |7 0 |8 A |9 372723 |a BIBTEO |b BIBTEO |d 2019-11-21 |i 2100223 |l 1 |o 270 PAD 1979 |p 2100223 |r 2025-01-17 |s 2022-10-05 |w 2019-11-21 |y BK |k ICR | ||